000 00888nam a2200229 i 4500
001 168231
003 ES-MaACL
005 20240520185834.0
008 931025s1882 sp a |||| |dspa d
100 1 _aZorrilla, José,
_d1817-1893
_9118354
245 1 3 _aLa leyenda del Cid /
_cescrita en verso por José Zorrilla ; e ilustrada por J. Luis Pellicer.
260 _aBarcelona :
_bMontaner y Simón,
_c1882.
300 _aXVI, 582 p. :
_bil. ;
_c32 cm.
490 1 _aBiblioteca universal
530 _aDisponible en formato digital.
600 0 4 _aEl Cid-
_vPoesías.
_9169962
700 1 _aPellicer, Josep Lluis,
_d1842-1901
_9143862
830 0 _aBiblioteca universal
_9188102
852 _aES-MaACL
_jB-1165
_z- Enc. hol.
856 _uhttp://bibliotecadigital.jcyl.es/i18n/consulta/registro.cmd?id=1587
_zBiblioteca Digital de Castilla y León
999 _c168231
_d168231